000
00340nam a2200145Ia 4500
008
150201s2007 xx 000 0 und d
082
_a
615.8
_b
P07S
100
_a
SULLIMAN, SUSAN
245
_a
PHYSICAL REHBILITATION
250
_a
5TH
260
_b
JAPEE
_a
DELHI
_c
2007
300
_a
1-1383
650
_a
PHYSIOTHERAPY
942
_2
ddc
_c
BK
_0
6
999
_c
1376
_d
1376